Researching your own practice: the discipline of noticing
Guardat en:
| Autor principal: | |
|---|---|
| Format: | Llibre |
| Idioma: | anglès |
| Publicat: |
Londres
Routledge
2002
|
| Edició: | 1a. ed |
| Matèries: | |
| Etiquetes: |
Afegir etiqueta
Sense etiquetes, Sigues el primer a etiquetar aquest registre!
|
MARC
| LEADER | 00000cam a2200000 a 4500 | ||
|---|---|---|---|
| 001 | UCC7001 | ||
| 003 | CL-VaPUC | ||
| 008 | 190125e20020000uk |||||||||||||||||eng|d | ||
| 020 | |a 0415248620 | ||
| 082 | 0 | 4 | |a 370.7 |b MAS |2 21 |
| 100 | |a Mason, John |e autor |9 601942 | ||
| 245 | 1 | 0 | |a Researching your own practice: the discipline of noticing |
| 250 | |a 1a. ed | ||
| 300 | |a 272 p | ||
| 942 | |c BK | ||
| 945 | |d 20190125 15:54:00 |a dcastane | ||
| 260 | |a Londres |b Routledge |c 2002 | ||
| 650 | 0 | |a Investigación educacional |9 261192 | |
| 650 | 7 | |a METODOLOGIA DE LA EDUCACION |2 CL-VaPUC |9 392172 | |
| 583 | |a last modification |c 20190125 15:54:00 |k Rodrigo Vera | ||
| 999 | |c 373811 |d 373809 | ||
| 952 | |0 0 |1 0 |3 erb |4 0 |6 370_700000000000000_MAS_2002 |7 0 |8 A |9 492047 |a BIBMAT |b BIBMAT |c E_DIDACT |i 5531764 |o 370.7 MAS 2002 |p 5531764 |r 2025-01-07 |w 2019-11-24 |y BK |z Catalogado en:20190125 |k MAT | ||